| 000 | 00496nmm a2200169Ia 4500 | ||
|---|---|---|---|
| 008 | 251105s9999||||xx |||||||||||||||||und|| | ||
| 020 | _a849512128X | ||
| 041 | _aspa | ||
| 100 | _aBempar, Carlos | ||
| 245 | 0 | _aNicholas Ray : Más grande que la vida | |
| 264 |
_a[Madrid, España] : _bEdiciones JC Clementine, _c2005 |
||
| 300 | _a275 páginas | ||
| 490 | _aColección Directores de cine | ||
| 650 | _aFilm studies | ||
| 856 | _uhttps://public.digitaliapublishing.com/a/13712 | ||
| 942 | _cCF | ||
| 999 |
_c73932 _d73932 |
||